| 000 | 01180cpmaa2200301 a 4500 | ||
|---|---|---|---|
| 001 | mm 78000003 | ||
| 003 | DLC | ||
| 005 | 20260227111618.0 | ||
| 008 | 781212|||||||||||| eng | ||
| 010 | _amm 78000003 | ||
| 040 |
_aDLC _cDLC _edacs _dDLC |
||
| 072 | 7 |
_aL _2lcmd |
|
| 100 | 1 |
_aAbbott, Edwin Abbott, _d1838-1926. |
|
| 245 | 0 | 0 |
_aEdwin Abbott Abbott correspondence, _f1877. |
| 300 |
_a1 _fitem. |
||
| 506 | 0 | _aOpen to research. | |
| 520 | 8 | _aALS (City of London School, Milk Street, Cheapside, London; 1877 November 27) from Abbott while serving as headmaster of the City of London School to an unidentified individual regarding educational matters. | |
| 545 | 0 | _aClergyman, author, and educator. | |
| 546 | _aCollection material in English. | ||
| 580 | _aForms part of: Miscellaneous Manuscripts collection. | ||
| 610 | 2 | 0 | _aCity of London School. |
| 650 | 0 |
_aEducation _zEngland _zLondon. |
|
| 656 | 7 |
_aAuthors. _2itoamc |
|
| 656 | 7 |
_aClergy. _2itoamc |
|
| 656 | 7 |
_aEducators. _2itoamc |
|
| 999 |
_c39488 _d39488 |
||